Introduction to Mechanics of Solids (Record no. 298738)

000 -LEADER
fixed length control field 00289 a2200121 4500
001 - CONTROL NUMBER
control field 63665
082 ## - DEWEY DECIMAL CLASSIFICATION NUMBER
Classification number 624.17 POP
090 ## - LOCALLY ASSIGNED LC-TYPE CALL NUMBER (OCLC); LOCAL CALL NUMBER (RLIN)
-- 37665
-- 37665
100 ## - MAIN ENTRY--PERSONAL NAME
Personal name Popov Egor.P
245 ## - TITLE STATEMENT
Title Introduction to Mechanics of Solids
Medium English
260 ## - PUBLICATION, DISTRIBUTION, ETC.
Place of publication, distribution, etc. NJ
Name of publisher, distributor, etc. Prentice Hall
Date of publication, distribution, etc. 1968
300 ## - PHYSICAL DESCRIPTION
Other physical details 571p
942 ## - ADDED ENTRY ELEMENTS (KOHA)
Institution code [OBSOLETE] NUST-CAE
Call number prefix 624.17 POP
Holdings
Withdrawn status Lost status Damaged status Not for loan Collection code Permanent Location Current Location Date acquired Total Checkouts Full call number Barcode Date last seen Price effective from Koha item type
          College of Aeronautical Engineering (CAE) College of Aeronautical Engineering (CAE) 04/03/2017   624.17 POP CAEG-5343 04/05/2017 04/05/2017 Book
© 2023 Central Library, National University of Sciences and Technology. All Rights Reserved.